Europa Universalis 4 : all European countries - Statistics

General Stats
  • This quiz has been taken 1,955 times
    1,594 since last reset
  • The average score is 76 of 143
Answer Stats
Region Answer % Correct
Britain England
90%
Poland Poland
89%
Iberia Portugal
89%
Scandinavia Sweden
89%
Iberia Aragon
88%
Scandinavia Denmark
88%
France France
88%
Britain Scotland
88%
Scandinavia Norway
87%
Carpathia Hungary
86%
Balkans Serbia
86%
Baltic Lithuania
85%
Iberia Castile
84%
Balkans Ottomans
84%
Italy Venice
84%
South Germany Austria
81%
Balkans Bosnia
80%
Russia Muscovy
80%
Baltic Teutonic Order
80%
France Burgundy
79%
Italy Milan
79%
Italy Naples
79%
Italy Genoa
78%
Iberia Granada
78%
North Germany Brandenburg
77%
Balkans Byzantium
77%
Baltic Livonian Order
77%
Carpathia Wallachia
77%
Low Countries Holland
76%
Iberia Navarra
76%
Pontic Steppe Crimea
75%
Russia Novgorod
75%
Italy Florence
74%
Carpathia Moldavia
74%
Baltic Riga
74%
Balkans Albania
73%
North Germany Bohemia
73%
France Brittany
73%
Caucasia Georgia
73%
France Savoy
73%
Italy The Papal States
72%
North Germany Saxony
70%
Ural Perm
68%
France Provence
68%
Balkans Athens
65%
South Germany Bavaria
65%
Anatolia Karaman
65%
Ural Kazan
65%
Poland Mazovia
64%
South Germany Switzerland
64%
North Germany Hamburg
63%
Ural Great Horde
62%
North Germany Lübeck
62%
Low Countries Brabant
61%
Balkans Ragusa
60%
Pontic Steppe Theodoro
60%
Low Countries Flanders
58%
Britain Munster
58%
North Germany Münster
58%
Anatolia The Knights
58%
North Germany Cologne
56%
Anatolia Cyprus
56%
South Germany Ulm
56%
Russia Ryazan
55%
Italy Ferrara
54%
North Germany Holstein
54%
Italy Siena
54%
Britain Ulster
54%
North Germany Pomerania
52%
Anatolia Trebizond
52%
Anatolia Candar
51%
Italy Lucca
51%
Central Asia Nogai
51%
South Germany The Palatinate
51%
North Germany Bremen
50%
Low Countries East Frisia
50%
Low Countries Friesland
50%
Poland Silesia
50%
Low Countries Utrecht
50%
West Siberia Uzbek
50%
Russia Tver
49%
Italy Urbino
49%
Caucasia Circassia
48%
Anatolia Naxos
48%
Russia Pskov
48%
Britain The Isles
48%
North Germany Frankfurt
46%
France Lorraine
46%
Italy Mantua
46%
France Nevers
46%
Low Countries Liege
44%
South Germany Mainz
43%
North Germany Trier
43%
South Germany Baden
42%
Anatolia Dulkadir
42%
Low Countries Gelre
42%
Anatolia Ramazan
42%
South Germany Salzburg
42%
North Germany Hesse
40%
Britain Leinster
40%
North Germany Anhalt
39%
North Germany Aachen
38%
North Germany Brunswick
38%
North Germany Mecklenburg
37%
Anatolia Aq Qoyunlu
36%
Russia | Ruthenia Odoyev
36%
Balkans Corfu
35%
Britain Desmond
35%
South Germany Augsburg
33%
Russia Beloozero
33%
North Germany Oldenburg
33%
North Germany Magdeburg
32%
Anatolia Qara Qoyunlu
31%
Britain Tyrone
31%
Caucasia Imereti
30%
Italy Montferrat
30%
North Germany Verden
30%
Caucasia Shirvan
29%
North Germany Dithmarschen
28%
South Germany Alsace
27%
South Germany Ansbach
27%
Britain Kildare
25%
North Germany Lüneburg
25%
Russia Yaroslavl
24%
Britain Sligo
23%
South Germany Wurttemberg
23%
North Germany Nassau
22%
Britain Offaly
22%
Russia Rostov
22%
South Germany Wurzburg
22%
Caucasia Gazikumukh
21%
South Germany Nuremberg
21%
North Germany Cleves
20%
North Germany Saxe-Lauenburg
19%
Britain Ormond
18%
Britain Thomond
18%
Caucasia Avaria
16%
South Germany Memmingen
16%
South Germany Ravensburg
14%
Britain Tyrconnell
14%
Britain Clanricarde
11%
Caucasia Samtskhe
7%
No matching quizzes found
Score Distribution
Percent of People with Each Score
Percentile by Number Answered
Your Score History
You have not taken this quiz since the last reset